Life in the imperial and loyal city of Mexico in New Spain and the royal and Pontificial University of Mexico as described in the dialogues for the study of the latin language

Збережено в:
Бібліографічні деталі
Автор: Cervantes de Salazar, Francisco (Автор)
Формат: Книга
Мова:Англійська
Латинська
Опубліковано: Austin University of Texas Press 1953
Предмети:
Теги: Додати тег
Немає тегів, Будьте першим, хто поставить тег для цього запису!

MARC

LEADER 00000nam a2200000 a 4500
001 UCO0672
003 CL-VaPUC
008 000428e19530000US |||||||||||||||||eng|d
041 0 7 |a eng  |2 CL-VaPUC 
041 0 7 |a lat  |2 CL-VaPUC 
082 0 4 |a 972.02  |b CER  |2 21 
100 0 |a Cervantes de Salazar, Francisco  |e author  |9 442060 
245 1 0 |a Life in the imperial and loyal city of Mexico in New Spain and the royal and Pontificial University of Mexico as described in the dialogues for the study of the latin language 
300 |a pag. irreg 
942 |c BK 
945 |d 20000428 00:00:00  |a crobeson 
260 |a Austin  |b University of Texas Press  |c 1953 
650 7 |a HISTORIA MEXICANA  |2 CL-VaPUC  |9 333909 
650 7 |a COLONIA  |2 CL-VaPUC  |9 442061 
650 7 |a UNIVERSIDADES HISTORIA  |2 CL-VaPUC  |9 255114 
650 0 |a Diálogos  |9 257026 
651 0 |a México  |9 255269 
583 |a last modification  |c 20000428 00:00:00  |k Rodrigo Vera 
999 |c 287320  |d 287318 
952 |0 0  |1 0  |4 0  |6 972_020000000000000_CER_1953  |7 0  |8 A  |9 334143  |a BIBHIS  |b BIBHIS  |d 2019-11-20  |i 1271474  |o 972.02 CER 1953  |p 1271474  |r 2025-01-20  |w 2019-11-20  |y BK  |k HIS 
952 |0 0  |1 0  |4 0  |6 972_020000000000000_CER_1953  |7 0  |8 A  |9 334144  |a BIBHIS  |b BIBHIS  |d 2019-11-20  |i 1271482  |o 972.02 CER 1953  |p 1271482  |r 2025-01-20  |w 2019-11-20  |y BK  |k HIS